Logo BPK

Biblioteka

Politechniki Koszalińskiej

Katalog Nakładów Rzeczowych nr 2-13 : (Rekord nr 10067)

Szczegóły MARC
000 -ETYKIETA REKORDU
podpole kontrolne o stałej długości 00683nam a2200205 i 4500
001 - NUMER KONTROLNY REKORDU
pole kontrolne bg
003 - IDENTYFIKATOR NUMERU KONTROLNEGO REKORDU
podpole kontrolne BPK
005 - DATA OSTATNIEJ MODYFIKACJI REKORDU
podpole kontrolne 20200331124111.0
008 - POLE O STAŁEJ DŁUGOŚCI - DANE KONTROLNE
podpole kontrolne o stałej długości s pl f |000 0 pol
040 ## - ŹRÓDŁO KATALOGOWANIA
Instytucja, która utworzyła rekord BPK
041 ## - KOD JĘZYKA
Kod języka tekstu pl
245 #0 - TYTUŁ/ODPOWIEDZIALNOŚĆ
Tytuł Katalog Nakładów Rzeczowych nr 2-13 :
Ciąg dalszy tytułu konstrukcje budowli wodnych śródlądowych /
Pozostałe elementy strefy tytułu i oznaczenia odpowiedzialności Ministerstwo Budownictwa, Gospodarki Przestrzennej i Komunalnej.
250 ## - STREFA WYDANIA
Oznaczenie wydania Wyd.3.
254 ## - STREFA POSTACI ZAPISU MUZYCZNEGO
Określenie postaci zapisu muzycznego KNR2-13
260 ## - STREFA ADRESU WYDAWNICZEGO
Miejsce wydania Warszawa :
Nazwa wydawcy/dystrybutora Wydawnictwa Akcydensowe,
Data publikacji, dystrybucji/powstania dokumentu 1986.
650 #9 - HASŁO PRZEDMIOTOWE W FORMIE NAZWY OGÓLNEJ LUB JEDNOSTKOWEJ
Nazwa ogólna lub geograficzna Hydrotechnika
655 ## - TERMIN INDEKSOWY - OKREŚLENIE RODZAJU/FORMY DOKUMENTU
Określenie rodzaju/formy dokumentu Katalog
856 ## - LOKALIZACJA I DOSTĘP DO ELEKTRONICZNYCH DOKUMENTÓW ZDALNYCH
Link (URL) http://koha.tu.koszalin.pl/cgi-bin/koha/opac-detail.pl?biblionumber=10067
Tekst linku Katalog online BPK
942 ## - DODATKOWE ELEMENTY (KOHA)
Typ dokumentu Katalog
Schemat klasyfikacji Universal Decimal Classification
Egzemplarze
Wycofany Status egzemplarza Uszkodzony Dostępność Lokalizacja stała Lokalizacja bieżąca Miejsce przechowywania Sygnatura Kod kreskowy Typ dokumentu
      Dostępny Biblioteka Politechniki Koszalińskiej Biblioteka Politechniki Koszalińskiej Wypożyczalnia BG KC 1837 02206233 Katalog
© 2023 Biblioteka Politechniki Koszalińskiej :: KOHA